الوفيات لابن الخطيب القسنطيني المعروف بابن قنفذ القسنطيني ؛ وبمقدمها القصيدة المشهورة المعنونة "غرامي صحيح" لابن فرح الإشبيلي
Saved in:
Main Author:
Other Authors:
Format: Book
Language: Undetermined
Published:
Algeria
almatbaeat althaealibiat
Tags: Add Tag
No Tags, Be the first to tag this record!
Call Number: A10 B10G QUSA
| LEADER | 00600nam a2200133Ia 4500 | ||
|---|---|---|---|
| 008 | 240404s9999||||xx |||||||||||||| ||und|| | ||
| 050 | 4 | |a A10 B10G QUSA | |
| 100 | 1 | |a ابن فرح الإشبيلي. | |
| 245 | 1 | 0 | |a الوفيات لابن الخطيب القسنطيني المعروف بابن قنفذ القسنطيني ؛ وبمقدمها القصيدة المشهورة المعنونة "غرامي صحيح" لابن فرح الإشبيلي |c ابن فرح الإشبيلي |
| 264 | 1 | |a Algeria |b almatbaeat althaealibiat | |
| 300 | |a 95 |c 25 | ||
| 700 | 1 | |a هنري بيريس. | |
| 942 | |2 lcc |c BK | ||
| 999 | |c 58181 |d 58181 | ||
